00513nam a2200169Ia 4500003000400000008004100004040001600045082001800061100002800079245007200107260004800179300000800227490000500235650002800240650003000268650004500298GCL140319s9999 xx 000 0 ara d aGCL / cGCL04a813.01bا خ1 aالهامى عمارة10aخفايا الليل وقصص اخرى / cالهامى عمارة a[S.N] : bمكتبة مدبولى ، c1994 a212 a04aالادب العربى04aالقصص القصيرة04aالقصص العربية القصيرة